Loading...
| Philosophy | 1 | 1 | 0 | 0 | 25 | 58 | 99.50 | 0 | 1 | 0.00 | 0.00 |
| Other Academic | 1 | 1 | 0 | 0 | 25 | 64 | 78.50 | 0 | 1 | 0.00 | 0.00 |
| History - American | 1 | 2 | 3 | 1 | 20 | 40 | 85.33 | 1 | 1 | 0.00 | 0.00 |
| Modern World | 1 | 1 | 1 | 1 | 20 | 64 | 72.00 | 0 | 0 | 0.00 | 0.00 |
| Geography | 1 | 0 | 0 | 0 | 15 | 55 | 55.00 | 0 | 1 | 0.00 | 0.00 |
| Social Science | 0 | 2 | 2 | 0 | 10 | 95 | 106.50 | 0 | 0 | 0.00 | 0.00 |
| History - Other | 0 | 1 | 0 | 0 | 10 | 103 | 103.00 | 0 | 1 | 0.00 | 0.00 |
| History - World | 0 | 2 | 2 | 0 | 10 | 89 | 114.00 | 0 | 0 | 0.00 | 0.00 |
| Literature - British | 0 | 1 | 0 | 0 | 10 | 143 | 143.00 | 0 | 0 | 0.00 | 0.00 |
| Literature - European | 0 | 1 | 0 | 0 | 10 | 110 | 110.00 | 0 | 0 | 0.00 | 0.00 |
| Fine Arts - Other Arts | 0 | 1 | 1 | 0 | 5 | 139 | 139.00 | 0 | 0 | 0.00 | 0.00 |
| Beliefs | 1 | 0 | 2 | 0 | 5 | 87 | 87.00 | 0 | 0 | 0.00 | 0.00 |
| History - European | 0 | 0 | 1 | 0 | -5 | 0.00 | 0 | 0 | 0.00 | 0.00 |